[Event "XtraCon-Skakligaen"]
[Site "Denmark"]
[Date "2012.01.15"]
[Round "5.1"]
[White "Hillarp Persson, Tiger"]
[Black "Hector, Jonny"]
[Result "1-0"]
[WhiteElo "2535"]
[BlackElo "2575"]
[PlyCount "83"]
[EventDate "2011.10.29"]
[EventType "team-tourn"]
[EventRounds "9"]
[WhiteTeam "Bronshoj"]
[BlackTeam "Nordkalotten"]
[WhiteTeamCountry "DEN"]
[BlackTeamCountry "DEN"]

1. d4 d5 2. c4 c6 3. Nf3 Nf6 4. e3 Bf5 5. Nc3 e6 6. Nh4 Be4 7. f3 Bg6 8. Qb3
Qb6 9. Nxg6 hxg6 10. Bd2 Bd6 11. c5 Qxb3 12. axb3 Rxh2 13. Rxh2 Bxh2 14. b4 e5
15. Kf2 exd4 16. exd4 Nh5 17. Ne2 Bc7 18. g4 Nf6 19. Nc3 Nbd7 20. b5 Nf8 21. b6
Bb8 22. Bd3 Ne6 23. Ne2 a6 24. b4 g5 25. b5 Kd7 26. bxa6 bxa6 27. Bf5 a5 28.
Bxg5 a4 29. Bc1 Ra5 30. Bd2 Ra8 31. Ra3 Ke7 32. Bc2 Nd7 33. Rxa4 Rxa4 34. Bxa4
Nd8 35. Nc1 Nf8 36. Nd3 Nfe6 37. Be3 g6 38. Nb4 f5 39. gxf5 gxf5 40. Ke2 f4 41.
Bf2 Kd7 42. Nxd5 1-0

[Event "XtraCon-Skakligaen"]
[Site "Denmark"]
[Date "2012.01.15"]
[Round "5.2"]
[White "Kristensen, Kaare Hove"]
[Black "Bekker Jensen, Simon"]
[Result "1/2-1/2"]
[WhiteElo "2296"]
[BlackElo "2409"]
[PlyCount "42"]
[EventDate "2011.10.29"]
[EventType "team-tourn"]
[EventRounds "9"]
[WhiteTeam "Nordkalotten"]
[BlackTeam "Bronshoj"]
[WhiteTeamCountry "DEN"]
[BlackTeamCountry "DEN"]

1. e4 c5 2. Nf3 d6 3. d4 Nf6 4. Nc3 cxd4 5. Nxd4 a6 6. Bg5 Nbd7 7. f4 Qc7 8.
Qf3 h6 9. Bxf6 Nxf6 10. Be2 e5 11. Nf5 Be6 12. O-O-O g6 13. Ne3 exf4 14. Qxf4
Be7 15. Kb1 Qc5 16. Ned5 Bxd5 17. Nxd5 Nxd5 18. Rxd5 Qb4 19. Rf1 Rh7 20. Qe3
Kf8 21. a3 Qa4 1/2-1/2

[Event "XtraCon-Skakligaen"]
[Site "Denmark"]
[Date "2012.01.15"]
[Round "5.3"]
[White "Carstensen, Jacob"]
[Black "Pedersen, Daniel V"]
[Result "1-0"]
[WhiteElo "2372"]
[BlackElo "2283"]
[PlyCount "62"]
[EventDate "2011.10.29"]
[EventType "team-tourn"]
[EventRounds "9"]
[WhiteTeam "Bronshoj"]
[BlackTeam "Nordkalotten"]
[WhiteTeamCountry "DEN"]
[BlackTeamCountry "DEN"]

1. d4 d5 2. c4 c6 3. Nf3 Nf6 4. e3 Bf5 5. Nc3 e6 6. Nh4 Bg6 7. Be2 Be7 8. g3
O-O 9. Nxg6 hxg6 10. Qb3 Qb6 11. c5 Qxb3 12. axb3 Nbd7 13. f3 e5 14. Bd3 b6 15.
b4 a5 16. b5 bxc5 17. bxc6 exd4 18. Nxd5 Nxd5 19. cxd7 Nb4 20. Be4 Ra7 21. Bd2
dxe3 22. Bxb4 cxb4 23. Bc6 Bf6 24. Ke2 Bxb2 25. Rad1 Bf6 26. Ba4 Rb8 27. Rd3
Ra6 28. Rc1 Rd8 29. Rc8 Re6 30. Rd5 Kf8 31. Rxa5 Ke7 1-0

[Event "XtraCon-Skakligaen"]
[Site "Denmark"]
[Date "2012.01.15"]
[Round "5.4"]
[White "Hove, Esben Kjems"]
[Black "Pilgaard, Kim"]
[Result "1/2-1/2"]
[WhiteElo "2265"]
[BlackElo "2424"]
[PlyCount "44"]
[EventDate "2011.10.29"]
[EventType "team-tourn"]
[EventRounds "9"]
[WhiteTeam "Nordkalotten"]
[BlackTeam "Bronshoj"]
[WhiteTeamCountry "DEN"]
[BlackTeamCountry "DEN"]

1. d4 Nf6 2. Bg5 e6 3. Nd2 h6 4. Bh4 c5 5. e3 cxd4 6. exd4 Be7 7. c3 b6 8. Bd3
Bb7 9. f3 Nc6 10. Qe2 Rc8 11. Nh3 O-O 12. O-O d6 13. Rad1 Nh5 14. Bxe7 Nxe7 15.
f4 Nf6 16. Nf2 Re8 17. Nfe4 Nf5 18. Nxf6+ Qxf6 19. Be4 Bxe4 20. Nxe4 Qg6 21.
Rf3 d5 22. Nf2 Nd6 1/2-1/2

[Event "XtraCon-Skakligaen"]
[Site "Denmark"]
[Date "2012.01.15"]
[Round "5.6"]
[White "Jakobsen, Peter"]
[Black "Hoi, Carsten"]
[Result "1/2-1/2"]
[WhiteElo "2230"]
[BlackElo "2372"]
[PlyCount "88"]
[EventDate "2011.10.29"]
[EventType "team-tourn"]
[EventRounds "9"]
[WhiteTeam "Nordkalotten"]
[BlackTeam "Bronshoj"]
[WhiteTeamCountry "DEN"]
[BlackTeamCountry "DEN"]

1. Nf3 Nf6 2. c4 d6 3. d4 Nbd7 4. Nc3 g6 5. e4 e5 6. Be2 Bg7 7. O-O O-O 8. Be3
exd4 9. Nxd4 a6 10. Qd2 Nc5 11. f3 Re8 12. b4 Ne6 13. Nb3 Nh5 14. Rac1 f5 15.
exf5 gxf5 16. Nd5 f4 17. Bf2 Kh8 18. Rfe1 Be5 19. c5 Rg8 20. cxd6 Qxd6 21. Rcd1
Ng5 22. Bh4 Bh3 23. Bxg5 Rxg5 24. Bf1 Rag8 25. Re2 c6 26. Nb6 Qxd2 27. Rdxd2
Bc7 28. Nc4 Nf6 29. Nc5 Nd5 30. Ne6 Bxe6 31. Rxe6 b5 32. Rxc6 bxc4 33. Bxc4
Bb6+ 34. Kh1 Re8 35. h4 Rh5 36. g3 Re1+ 37. Kh2 fxg3+ 38. Kxg3 Rg1+ 39. Rg2
Bc7+ 40. f4 Rxg2+ 41. Kxg2 Nxf4+ 42. Kf3 Be5 43. Kg4 Kg7 44. Rxa6 Bf6 1/2-1/2

[Event "XtraCon-Skakligaen"]
[Site "Denmark"]
[Date "2012.01.15"]
[Round "5.7"]
[White "Aabling Thomsen, Jakob"]
[Black "Ejsing, Esben"]
[Result "1-0"]
[WhiteElo "2324"]
[BlackElo "2092"]
[PlyCount "71"]
[EventDate "2011.10.29"]
[EventType "team-tourn"]
[EventRounds "9"]
[WhiteTeam "Bronshoj"]
[BlackTeam "Nordkalotten"]
[WhiteTeamCountry "DEN"]
[BlackTeamCountry "DEN"]

1. e4 c5 2. Nf3 e6 3. g3 Nc6 4. Bg2 d5 5. exd5 Qxd5 6. Nc3 Qd8 7. O-O Nf6 8. d3
Be7 9. Bf4 O-O 10. Ne5 Nd4 11. Re1 Nd5 12. Nxd5 exd5 13. c3 Ne6 14. Bd2 d4 15.
Qb3 Qd6 16. Bd5 dxc3 17. bxc3 Nd8 18. Bf4 Qf6 19. Nf3 Bd6 20. Bg5 Qf5 21. Bxd8
Rxd8 22. Nh4 Qf6 23. Re3 Bg4 24. Rae1 g5 25. Nf3 Rab8 26. Qa4 h5 27. c4 a6 28.
Ne5 Bxe5 29. Rxe5 Kf8 30. Qa3 Qd6 31. d4 b6 32. Qe3 f6 33. Re7 cxd4 34. Rf7+
Kg8 35. Qe4 f5 36. Rxf5+ 1-0

[Event "XtraCon-Skakligaen"]
[Site "Denmark"]
[Date "2012.01.15"]
[Round "5.8"]
[White "Noer, Martin Stampe"]
[Black "Holmsgaard, Henrik"]
[Result "0-1"]
[WhiteElo "1940"]
[BlackElo "2320"]
[PlyCount "102"]
[EventDate "2011.10.29"]
[EventType "team-tourn"]
[EventRounds "9"]
[WhiteTeam "Nordkalotten"]
[BlackTeam "Bronshoj"]
[WhiteTeamCountry "DEN"]
[BlackTeamCountry "DEN"]

1. d4 d5 2. Bg5 h6 3. Bh4 c6 4. c3 Qb6 5. Qb3 Bf5 6. Nd2 e6 7. e3 Nd7 8. f4 Be7
9. Bxe7 Nxe7 10. Ngf3 f6 11. Be2 O-O 12. h3 Qxb3 13. axb3 a6 14. b4 Rae8 15.
Nb3 Nc8 16. Nc5 Nxc5 17. bxc5 Be4 18. Kd2 Ne7 19. Rhg1 g5 20. Bd3 Ng6 21. fxg5
hxg5 22. Raf1 Kg7 23. Ke2 Bxd3+ 24. Kxd3 e5 25. Kd2 Rf7 26. Rf2 e4 27. Ne1 f5
28. g3 Rh8 29. Rh1 f4 30. gxf4 gxf4 31. exf4 Rxf4 32. Rg2 Kf7 33. Rhg1 Rh6 34.
b3 Rf6 35. Ke3 Rxh3+ 36. Rg3 Rxg3+ 37. Rxg3 Nh4 38. Rh3 Nf5+ 39. Ke2 Nh6 40.
Nc2 Ke6 41. c4 Ng4 42. cxd5+ cxd5 43. Rg3 Rf2+ 44. Kd1 Kf5 45. b4 Kf4 46. Rb3
Rf3 47. Rb2 Ne3+ 48. Ke2 Nxc2 49. Rxc2 Rd3 50. c6 bxc6 51. Rxc6 Rxd4 0-1

[Event "XtraCon-Skakligaen"]
[Site "Denmark"]
[Date "2012.01.15"]
[Round "5.1"]
[White "Nielsen, Peter Heine"]
[Black "Kristiansen, Jens"]
[Result "1-0"]
[WhiteElo "2687"]
[BlackElo "2439"]
[PlyCount "61"]
[EventDate "2011.10.29"]
[EventType "team-tourn"]
[EventRounds "9"]
[WhiteTeam "Jetsmark"]
[BlackTeam "BMS"]
[WhiteTeamCountry "DEN"]
[BlackTeamCountry "DEN"]

1. Nf3 f5 2. g3 Nf6 3. Bg2 e6 4. O-O Be7 5. c4 O-O 6. Nc3 d5 7. d3 dxc4 8. dxc4
Nc6 9. Bf4 Nh5 10. e3 Nxf4 11. exf4 Bf6 12. Qe2 Bd7 13. Rad1 Qe7 14. Nb5 Rac8
15. Rfe1 Rfe8 16. Nfd4 Nxd4 17. Nxd4 c5 18. Nxf5 exf5 19. Qxe7 Bxe7 20. Rxd7
Bf6 21. Rxe8+ Rxe8 22. Bd5+ Kh8 23. Rxb7 Re1+ 24. Kg2 g6 25. b4 Bd4 26. b5 Re2
27. Rxa7 Rxf2+ 28. Kh3 Rb2 29. g4 Bg1 30. gxf5 Bxh2 31. f6 1-0

[Event "XtraCon-Skakligaen"]
[Site "Denmark"]
[Date "2012.01.15"]
[Round "5.2"]
[White "Mikkelsen, Nikolaj"]
[Black "Rasmussen, Allan Stig"]
[Result "0-1"]
[WhiteElo "2384"]
[BlackElo "2541"]
[PlyCount "56"]
[EventDate "2011.10.29"]
[EventType "team-tourn"]
[EventRounds "9"]
[WhiteTeam "BMS"]
[BlackTeam "Jetsmark"]
[WhiteTeamCountry "DEN"]
[BlackTeamCountry "DEN"]

1. e4 c5 2. Nf3 e6 3. d3 Nc6 4. g3 g6 5. Bg5 Qb6 6. Nbd2 Qxb2 7. Nc4 Qg7 8. Rb1
d6 9. Bg2 e5 10. c3 f6 11. Be3 Qc7 12. d4 b5 13. Rxb5 Ba6 14. Qa4 Bxb5 15. Qxb5
Rb8 16. Qa4 cxd4 17. Bxd4 Rb1+ 18. Ke2 Rxh1 19. Bxh1 Qd7 20. Qa6 exd4 21. Nxd4
Nxd4+ 22. cxd4 Kf7 23. e5 dxe5 24. dxe5 Kg7 25. Bc6 Qc7 26. f4 fxe5 27. fxe5
Bc5 28. Qb5 Qe7 0-1

[Event "XtraCon-Skakligaen"]
[Site "Denmark"]
[Date "2012.01.15"]
[Round "5.3"]
[White "Glud, Jakob Vang"]
[Black "Akdag, Dara Sevkan"]
[Result "1-0"]
[WhiteElo "2496"]
[BlackElo "2218"]
[PlyCount "73"]
[EventDate "2011.10.29"]
[EventType "team-tourn"]
[EventRounds "9"]
[WhiteTeam "Jetsmark"]
[BlackTeam "BMS"]
[WhiteTeamCountry "DEN"]
[BlackTeamCountry "DEN"]

1. c4 e5 2. g3 d6 3. Bg2 f5 4. d4 Be7 5. Nc3 c6 6. h4 Nf6 7. Nf3 e4 8. Ng5 Na6
9. a3 Nc7 10. b4 O-O 11. e3 d5 12. c5 Ng4 13. Nh3 Ne6 14. Ne2 Rf7 15. Nhf4 Nf8
16. Qb3 Bd7 17. Bd2 Be8 18. b5 g6 19. Nc3 h6 20. f3 exf3 21. Bxf3 Bf6 22. Bxg4
fxg4 23. O-O-O Re7 24. Rhf1 Bg7 25. e4 Bf7 26. exd5 cxd5 27. Nfxd5 Rd7 28. Rxf7
Rxf7 29. Re1 Kh7 30. Qc4 Qd7 31. Ne4 Re8 32. c6 bxc6 33. bxc6 Qd8 34. c7 Qd7
35. Nef6+ Rxf6 36. Nxf6+ Bxf6 37. Rxe8 1-0

[Event "XtraCon-Skakligaen"]
[Site "Denmark"]
[Date "2012.01.15"]
[Round "5.4"]
[White "Nielsen, Thomas Bach"]
[Black "Pedersen, Christian Kyndel"]
[Result "1/2-1/2"]
[WhiteElo "2219"]
[BlackElo "2416"]
[PlyCount "75"]
[EventDate "2011.10.29"]
[EventType "team-tourn"]
[EventRounds "9"]
[WhiteTeam "BMS"]
[BlackTeam "Jetsmark"]
[WhiteTeamCountry "DEN"]
[BlackTeamCountry "DEN"]

1. d4 Nf6 2. c4 e6 3. Nc3 Bb4 4. e3 c5 5. a3 Bxc3+ 6. bxc3 O-O 7. Bd3 Nc6 8.
Ne2 b6 9. O-O Ba6 10. e4 Ne8 11. f4 f5 12. Ng3 g6 13. exf5 exf5 14. dxc5 bxc5
15. Be3 Qe7 16. Qf3 Nc7 17. Rae1 Nd8 18. Bxf5 Bxc4 19. Bf2 Nde6 20. Bd3 Bxd3
21. Qxd3 Rxf4 22. Ne4 d5 23. Nd2 Raf8 24. Nf3 R4f5 25. Bg3 Qf7 26. Qe3 d4 27.
cxd4 cxd4 28. Qb3 Nf4 29. Qxf7+ R5xf7 30. Nxd4 Nce6 31. Nf3 g5 32. Re5 h6 33.
h4 g4 34. Nd2 Rd8 35. Re4 Rxd2 36. Bxf4 Nxf4 37. Rexf4 Rg7 38. Rf8+ 1/2-1/2

[Event "XtraCon-Skakligaen"]
[Site "Denmark"]
[Date "2012.01.15"]
[Round "5.5"]
[White "Christensen, Stefan"]
[Black "Rostgaard, Tobias Valentin"]
[Result "1-0"]
[WhiteElo "2278"]
[BlackElo "2198"]
[PlyCount "131"]
[EventDate "2011.10.29"]
[EventType "team-tourn"]
[EventRounds "9"]
[WhiteTeam "Jetsmark"]
[BlackTeam "BMS"]
[WhiteTeamCountry "DEN"]
[BlackTeamCountry "DEN"]

1. e4 c5 2. Nf3 e6 3. c3 d5 4. e5 Nc6 5. d4 Qb6 6. a3 c4 7. g3 Nge7 8. Bh3 Nf5
9. O-O h5 10. Qe2 Be7 11. Bg5 Bxg5 12. Nxg5 Ncxd4 13. cxd4 Nxd4 14. Qe3 f6 15.
exf6 gxf6 16. Nc3 fxg5 17. Nxd5 Qd8 18. Rad1 O-O 19. Rxd4 exd5 20. Bg2 Qf6 21.
Bxd5+ Kg7 22. Rxc4 Bh3 23. Rc7+ Kh8 24. Bg2 Bxg2 25. Kxg2 h4 26. Qe7 Qg6 27.
Rxb7 Rae8 28. Qc7 Re6 29. Rxa7 Ref6 30. Qe5 Kg8 31. Qd5+ Kh8 32. Rd7 Qc2 33.
Qd4 Qc6+ 34. Qd5 Qc2 35. Qd4 Qc6+ 36. f3 Qe6 37. gxh4 g4 38. f4 Qc6+ 39. Qd5
Qc2+ 40. Rf2 Qg6 41. Rd8 Rxd8 42. Qxd8+ Kh7 43. Qc7+ Kh6 44. Qe5 Qf7 45. Re2
Qb7+ 46. Qe4 Qb3 47. f5 Qh3+ 48. Kg1 Qxh4 49. Qf4+ Kg7 50. Re7+ Kf8 51. Re4 Rf7
52. Re6 Rd7 53. Qh6+ Qxh6 54. Rxh6 Rd1+ 55. Kg2 Rd2+ 56. Kg3 Rxb2 57. Kxg4 Ra2
58. Kg5 Rxa3 59. Kg6 Kg8 60. f6 Rf3 61. Rh5 Rf2 62. h4 Rf4 63. Rg5 Kf8 64. h5
Rf2 65. h6 Kg8 66. h7+ 1-0

[Event "XtraCon-Skakligaen"]
[Site "Denmark"]
[Date "2012.01.15"]
[Round "5.6"]
[White "Pedersen, Sven"]
[Black "Wiwe, Andreas"]
[Result "0-1"]
[WhiteElo "2139"]
[BlackElo "2273"]
[PlyCount "116"]
[EventDate "2011.10.29"]
[EventType "team-tourn"]
[EventRounds "9"]
[WhiteTeam "BMS"]
[BlackTeam "Jetsmark"]
[WhiteTeamCountry "DEN"]
[BlackTeamCountry "DEN"]

1. e4 e5 2. Nf3 Nc6 3. Bb5 a6 4. Ba4 Nf6 5. O-O Be7 6. Re1 b5 7. Bb3 O-O 8. c3
d6 9. h3 Nb8 10. d4 Nbd7 11. a4 Bb7 12. Bc2 Re8 13. Na3 c6 14. b4 Bf8 15. axb5
cxb5 16. d5 Rc8 17. Bd2 Nb6 18. Rc1 Nh5 19. Bd3 g6 20. c4 bxc4 21. Nxc4 Nxc4
22. Bxc4 Nf4 23. Qa4 Re7 24. Bf1 Rec7 25. Rxc7 Qxc7 26. g3 Nxd5 27. exd5 Bxd5
28. Rc1 Qb8 29. Rxc8 Qxc8 30. Ne1 Bb7 31. Qc2 Qe6 32. Qc4 d5 33. Qc7 Bc8 34.
Qd8 Bb7 35. b5 axb5 36. Bb4 Qc8 37. Qxc8 Bxc8 38. Bxf8 Kxf8 39. Bxb5 Bxh3 40.
Nd3 f6 41. Bc6 Be6 42. f4 Ke7 43. Kf2 Kd6 44. Bb7 h6 45. Ne1 g5 46. Kf3 Bf5 47.
Ke3 Be4 48. Bc8 Bh1 49. Nf3 Bxf3 50. Kxf3 h5 51. Bf5 Kc5 52. Ke3 Kc4 53. Bg6 h4
54. fxe5 fxe5 55. gxh4 gxh4 56. Bf5 Kc3 57. Kf3 Kd2 58. Be6 e4+ 0-1

[Event "XtraCon-Skakligaen"]
[Site "Denmark"]
[Date "2012.01.15"]
[Round "5.7"]
[White "Jensen, Bjarke"]
[Black "Brondt, Nicolai Kvist"]
[Result "1-0"]
[WhiteElo "2292"]
[BlackElo "2133"]
[PlyCount "83"]
[EventDate "2011.10.29"]
[EventType "team-tourn"]
[EventRounds "9"]
[WhiteTeam "Jetsmark"]
[BlackTeam "BMS"]
[WhiteTeamCountry "DEN"]
[BlackTeamCountry "DEN"]

1. e4 c6 2. d4 d5 3. e5 Bf5 4. Nf3 e6 5. Be2 Nd7 6. O-O Ne7 7. Nbd2 Bg4 8. c3
Nf5 9. h3 Bxf3 10. Nxf3 Be7 11. g4 Nh4 12. Nxh4 Bxh4 13. f4 f5 14. exf6 gxf6
15. Bd3 Qe7 16. g5 O-O-O 17. Qg4 h6 18. Qxh4 hxg5 19. Qg3 gxf4 20. Rxf4 e5 21.
Rg4 e4 22. Bf1 Rde8 23. Bf4 Rh7 24. Re1 f5 25. Rg6 Nf8 26. Rg8 Ne6 27. Be5 f4
28. Bxf4 Rxg8 29. Qxg8+ Kd7 30. Be5 Ng5 31. Re3 Nf3+ 32. Rxf3 exf3 33. Qg4+ Qe6
34. Qxe6+ Kxe6 35. Kf2 Rf7 36. Bd3 c5 37. h4 b5 38. h5 b4 39. Bg6 Rb7 40. h6 b3
41. axb3 Rxb3 42. h7 1-0

[Event "XtraCon-Skakligaen"]
[Site "Denmark"]
[Date "2012.01.15"]
[Round "5.8"]
[White "Haubro, Sigfred"]
[Black "Rathlev, Jakob"]
[Result "1/2-1/2"]
[WhiteElo "2109"]
[BlackElo "2251"]
[PlyCount "20"]
[EventDate "2011.10.29"]
[EventType "team-tourn"]
[EventRounds "9"]
[WhiteTeam "BMS"]
[BlackTeam "Jetsmark"]
[WhiteTeamCountry "DEN"]
[BlackTeamCountry "DEN"]

1. b3 e6 2. Bb2 f5 3. e4 Qe7 4. e5 b6 5. Na3 Bb7 6. Nb5 Qd8 7. Nf3 Nh6 8. Be2
Be7 9. d4 O-O 10. c4 d5 1/2-1/2

[Event "XtraCon-Skakligaen"]
[Site "Denmark"]
[Date "2012.01.15"]
[Round "5.1"]
[White "Pedersen, Nicolai Vesterbaek"]
[Black "Hagen, Andreas Skytte"]
[Result "0-1"]
[WhiteElo "2460"]
[BlackElo "2454"]
[PlyCount "82"]
[EventDate "2011.10.29"]
[EventType "team-tourn"]
[EventRounds "9"]
[WhiteTeam "Skanderborg"]
[BlackTeam "K41"]
[WhiteTeamCountry "DEN"]
[BlackTeamCountry "DEN"]

1. e4 c5 2. c3 d5 3. exd5 Qxd5 4. d4 g6 5. Nf3 Bg7 6. Na3 cxd4 7. Nb5 Na6 8.
Qa4 Bd7 9. cxd4 Nh6 10. Be2 O-O 11. O-O Nf5 12. Re1 Bc6 13. Qb3 Qxb3 14. axb3
Bxb5 15. Bxb5 Nb4 16. Ra4 Nc2 17. Rd1 a6 18. Bd7 b5 19. Bxf5 gxf5 20. Ra5 Nxd4
21. Nxd4 Rfd8 22. Be3 e5 23. Rda1 exd4 24. Bg5 Rdc8 25. Rxa6 Rxa6 26. Rxa6 h6
27. Bf4 Rc2 28. g4 fxg4 29. Rb6 Rxb2 30. Rxb5 d3 31. Kg2 Bd4 32. Rd5 Bxf2 33.
Rxd3 h5 34. Kf1 Bb6 35. Bg3 f5 36. Be5 Rf2+ 37. Ke1 f4 38. Rd8+ Kf7 39. Rh8 f3
40. Rxh5 Re2+ 41. Kf1 Kg6 0-1

[Event "XtraCon-Skakligaen"]
[Site "Denmark"]
[Date "2012.01.15"]
[Round "5.3"]
[White "Lund, Silas"]
[Black "Greger, Roland Reinhard"]
[Result "1/2-1/2"]
[WhiteElo "2380"]
[BlackElo "2380"]
[PlyCount "35"]
[EventDate "2011.10.29"]
[EventType "team-tourn"]
[EventRounds "9"]
[WhiteTeam "Skanderborg"]
[BlackTeam "K41"]
[WhiteTeamCountry "DEN"]
[BlackTeamCountry "DEN"]

1. d4 Nf6 2. c4 c5 3. d5 e5 4. Nc3 d6 5. e4 g6 6. Nge2 Bg7 7. Ng3 O-O 8. h4 Re8
9. Bd3 a6 10. a4 b6 11. Qe2 Ra7 12. Bd2 h5 13. Nf1 Nbd7 14. f3 Nf8 15. Nd1 N6h7
16. Nfe3 Bh6 17. g3 f6 18. Nf2 1/2-1/2

[Event "XtraCon-Skakligaen"]
[Site "Denmark"]
[Date "2012.01.15"]
[Round "5.4"]
[White "Nilsson, Sebastian"]
[Black "Kristensen, Leif Sogaard"]
[Result "1-0"]
[WhiteElo "2362"]
[BlackElo "2301"]
[PlyCount "53"]
[EventDate "2011.10.29"]
[EventType "team-tourn"]
[EventRounds "9"]
[WhiteTeam "K41"]
[BlackTeam "Skanderborg"]
[WhiteTeamCountry "DEN"]
[BlackTeamCountry "DEN"]

1. e4 d5 2. exd5 Qxd5 3. Nc3 Qa5 4. d4 Nf6 5. Nf3 Bf5 6. Bc4 c6 7. Bd2 e6 8.
Nd5 Qd8 9. Nxf6+ gxf6 10. Bb3 Nd7 11. Qe2 Qc7 12. Nh4 Bg6 13. O-O-O O-O-O 14.
g3 Nb6 15. Bf4 Bd6 16. Bh6 Bf8 17. Bxf8 Rhxf8 18. Ng2 c5 19. dxc5 Qxc5 20. h4
h5 21. Nf4 Rxd1+ 22. Rxd1 e5 23. Nxg6 fxg6 24. Qd3 a5 25. Bf7 f5 26. Bxg6 Qxf2
27. Qd6 1-0

[Event "XtraCon-Skakligaen"]
[Site "Denmark"]
[Date "2012.01.15"]
[Round "5.6"]
[White "Christensen, Bo Garner"]
[Black "Lowenstein, Nicolai"]
[Result "1-0"]
[WhiteElo "2277"]
[BlackElo "2193"]
[PlyCount "59"]
[EventDate "2011.10.29"]
[EventType "team-tourn"]
[EventRounds "9"]
[WhiteTeam "K41"]
[BlackTeam "Skanderborg"]
[WhiteTeamCountry "DEN"]
[BlackTeamCountry "DEN"]

1. e4 e6 2. Nf3 d5 3. e5 c5 4. b4 d4 5. bxc5 Bxc5 6. Bd3 Nc6 7. O-O Nge7 8. Re1
Nb4 9. Be4 Nf5 10. Ba3 O-O 11. c3 dxc3 12. Nxc3 Qa5 13. Qa4 Qxa4 14. Nxa4 Be7
15. g4 Bd7 16. Rab1 Nd5 17. Nc5 Bxc5 18. Bxc5 Rfc8 19. Rxb7 Rxc5 20. Rxd7 Nh6
21. h3 a5 22. Rb1 Rf8 23. Rbb7 Nf4 24. Kh2 g6 25. d4 Rc3 26. Ng5 Rfc8 27. f3
Rf8 28. Rb2 a4 29. Kg3 Nd3 30. Rbb7 1-0

[Event "XtraCon-Skakligaen"]
[Site "Denmark"]
[Date "2012.01.15"]
[Round "5.7"]
[White "Rasmussen, Morten(1956)"]
[Black "Naes, Flovin Tor"]
[Result "0-1"]
[WhiteElo "1931"]
[BlackElo "2260"]
[PlyCount "56"]
[EventDate "2011.10.29"]
[EventType "team-tourn"]
[EventRounds "9"]
[WhiteTeam "Skanderborg"]
[BlackTeam "K41"]
[WhiteTeamCountry "DEN"]
[BlackTeamCountry "DEN"]

1. d4 d5 2. Nf3 e6 3. Bg5 f6 4. Bh4 c5 5. c3 Nc6 6. e3 Bd6 7. Bg3 Nge7 8. Bd3
O-O 9. Nbd2 b6 10. Qe2 c4 11. Bc2 f5 12. Ne5 Bxe5 13. Bxe5 Nxe5 14. dxe5 b5 15.
f4 b4 16. cxb4 Qb6 17. O-O Qxb4 18. Rab1 Ba6 19. Nf3 Nc6 20. Rfd1 Rab8 21. Nd4
Nxd4 22. Rxd4 Qa5 23. a3 Rb6 24. Qd2 Qxd2 25. Rxd2 Rfb8 26. Bd1 c3 27. Rd4 cxb2
28. Rd2 Bc4 0-1

[Event "XtraCon-Skakligaen"]
[Site "Denmark"]
[Date "2012.01.15"]
[Round "5.8"]
[White "Andreasen, Joan Hendrik"]
[Black "Watson, Colin"]
[Result "1-0"]
[WhiteElo "2256"]
[BlackElo "1918"]
[PlyCount "119"]
[EventDate "2011.10.29"]
[EventType "team-tourn"]
[EventRounds "9"]
[WhiteTeam "K41"]
[BlackTeam "Skanderborg"]
[WhiteTeamCountry "DEN"]
[BlackTeamCountry "DEN"]

1. d4 d5 2. c4 c6 3. Nc3 a6 4. cxd5 cxd5 5. Nf3 Nf6 6. g3 e6 7. Bg2 Bd6 8. O-O
Nbd7 9. Bf4 Qe7 10. Qb3 O-O 11. a4 Bxf4 12. gxf4 Qd6 13. e3 b6 14. Rfc1 Bb7 15.
Ne5 Rac8 16. Bf1 Nb8 17. Bd3 g6 18. Na2 Rxc1+ 19. Rxc1 Rc8 20. Rc3 Rxc3 21.
Qxc3 Nfd7 22. Nxd7 Qxd7 23. Qb4 Qc7 24. Kg2 Kg7 25. Qd2 Nc6 26. Qc3 Qd6 27. b4
Kg8 28. b5 axb5 29. axb5 Na7 30. Nb4 Qd7 31. Qa3 Bc8 32. Qa4 Kg7 33. Nc6 Nxc6
34. bxc6 Qc7 35. Bb5 f6 36. Qa8 Kh6 37. Qa3 Kg7 38. Qc3 Kh6 39. Bd3 f5 40. Bb5
Kg7 41. Qb4 Kf7 42. h4 h5 43. Kg3 Kg7 44. Qa3 Kf7 45. f3 Qe7 46. Qc3 Qc7 47. e4
fxe4 48. fxe4 dxe4 49. Qe3 Qd6 50. Qxe4 Qd5 51. Bd3 Qf5 52. Qxf5+ exf5 53. Bc4+
Ke7 54. Kf2 Be6 55. Bxe6 Kxe6 56. Ke3 Kd6 57. d5 Kc7 58. Kd4 Kd6 59. Kc4 g5 60.
hxg5 1-0

[Event "XtraCon-Skakligaen"]
[Site "Denmark"]
[Date "2012.01.29"]
[Round "6.1"]
[White "Hector, Jonny"]
[Black "Hagen, Andreas Skytte"]
[Result "1-0"]
[WhiteElo "2575"]
[BlackElo "2454"]
[PlyCount "53"]
[EventDate "2011.10.29"]
[EventType "team-tourn"]
[EventRounds "9"]
[WhiteTeam "Nordkalotten"]
[BlackTeam "K41"]
[WhiteTeamCountry "DEN"]
[BlackTeamCountry "DEN"]

1. e4 e5 2. Nf3 Nc6 3. Bc4 Bc5 4. b4 Bb6 5. b5 Na5 6. Nxe5 Nh6 7. Be2 Bd4 8.
Nc4 Nxc4 9. c3 Bb6 10. Bxc4 d5 11. Bxd5 Bg4 12. f3 Qh4+ 13. g3 Qf6 14. Bxb7 Rd8
15. Bc6+ Bd7 16. Bxd7+ Rxd7 17. d4 O-O 18. Be3 Re8 19. O-O Nf5 20. Bf2 Nxd4 21.
cxd4 Rxd4 22. Qe2 Red8 23. a4 Rd3 24. Ra3 Bxf2+ 25. Qxf2 Qd6 26. Rxd3 Qxd3 27.
Qxa7 1-0

[Event "XtraCon-Skakligaen"]
[Site "Denmark"]
[Date "2012.01.29"]
[Round "6.2"]
[White "Nilssen, John Arni"]
[Black "Brynell, Stellan"]
[Result "1/2-1/2"]
[WhiteElo "2378"]
[BlackElo "2491"]
[PlyCount "94"]
[EventDate "2011.10.29"]
[EventType "team-tourn"]
[EventRounds "9"]
[WhiteTeam "K41"]
[BlackTeam "Nordkalotten"]
[WhiteTeamCountry "DEN"]
[BlackTeamCountry "DEN"]

1. d4 e6 2. c4 Nf6 3. Nc3 Bb4 4. g3 O-O 5. Bg2 d5 6. Nf3 dxc4 7. O-O Nc6 8. e3
Rb8 9. Qe2 b5 10. Rd1 Nd5 11. Bd2 Be7 12. e4 Ndb4 13. d5 exd5 14. Be3 a6 15.
exd5 Na5 16. Nd4 Nd3 17. Be4 Bf6 18. Bxd3 cxd3 19. Rxd3 Bxd4 20. Rxd4 Nc4 21.
Bf4 Bf5 22. d6 Nxd6 23. Nd5 Re8 24. Qd1 c5 25. Rd2 Nc4 26. Re2 Rc8 27. Ne7+ Kf8
28. Nxc8 Qxd1+ 29. Rxd1 Rxe2 30. Rd8+ Re8 31. Rxe8+ Kxe8 32. Nd6+ Nxd6 33. Bxd6
c4 34. Kf1 Kd7 35. Bf8 g5 36. h4 gxh4 37. gxh4 Bd3+ 38. Ke1 Ke6 39. h5 a5 40.
Kd2 Kd5 41. h6 Bg6 42. Be7 b4 43. Bd8 a4 44. Be7 c3+ 45. bxc3 b3 46. axb3 axb3
47. Kc1 Kc4 1/2-1/2

[Event "XtraCon-Skakligaen"]
[Site "Denmark"]
[Date "2012.01.29"]
[Round "6.3"]
[White "Ahlander, Bjorn"]
[Black "Greger, Roland Reinhard"]
[Result "1/2-1/2"]
[WhiteElo "2422"]
[BlackElo "2380"]
[PlyCount "56"]
[EventDate "2011.10.29"]
[EventType "team-tourn"]
[EventRounds "9"]
[WhiteTeam "Nordkalotten"]
[BlackTeam "K41"]
[WhiteTeamCountry "DEN"]
[BlackTeamCountry "DEN"]

1. d4 Nf6 2. c4 c5 3. e3 g6 4. Nc3 Bg7 5. Nf3 O-O 6. Be2 d6 7. O-O Na6 8. Re1
Nc7 9. h3 b6 10. b3 a6 11. Bb2 Bb7 12. Qc2 cxd4 13. Nxd4 Ne6 14. Rad1 Rc8 15.
Qd3 Nxd4 16. Qxd4 Ne4 17. Qd3 Nxc3 18. Bxc3 Bxc3 19. Qxc3 Qc7 20. Qd4 Qc5 21.
Qh4 Rc7 22. Rd4 f5 23. Red1 Qe5 24. Qg5 Qf6 25. Qg3 Kg7 26. a4 Be4 27. R1d2 Rd8
28. f4 Rb8 1/2-1/2